000
00244 a2200109 4500
001
9058
082
_a
808.2 MAR
090
_c
7240
_d
7240
100
_a
Marriott, J W
245
_a
One act plays of today 1st series (Transfered to SOA)
260
_b
Harrap
942
_a
NUST-CAE
999
_c
244131
_d
244131